000 01322nam a2200277 a 4500
001 000016207
005 20250502073819.0
008 100301s1984 dr 001 0 spa d
040 _aDO-SdBNP
_bspa
_cBNPHU
082 _a347.7293
_bR426c, 1984
110 1 _aRepública Dominicana.
_9447
240 1 0 _aCódigo Civil
245 1 0 _aProyecto de código civil de la República Dominicana /
_cJ. H. Ducoudray ; presentación Raymundo Amaro Guzmán.
260 _aSanto Domingo :
_bPublicaciones ONAP,
_c1984.
300 _a299 p. ;
_c15 cm.
505 0 _gIntroducción --
_tDerecho de las personas --
_tDerecho de la familia --
_tDe los derechos reales --
_tDerecho de las sucesiones --
_tDerecho de las obligaciones --
_tDerecho de las pruebas --
_tDe los regímenes matrimoniales --
_tDe los contratos nominados.
590 _aInventariado,2018/DG
650 4 _aDerecho civil
_xLegislación
_zRepública Dominicana
_96943
650 4 _aProcedimiento civil
_xLegislación
_zRepública Dominicana
_911714
650 4 _aAnteproyecto de ley
_910529
650 4 _aLeyes
_zRepública Dominicana
_93033
700 1 _aDucoudray, J. H.
_917452
700 1 _aAmaro Guzmán, Raymundo
_epresent.
_9656
710 1 _aRepública Dominicana.
_bOficina Nacional de Administración y Personal
_926398
910 _aValidado. Control de calidad EMS.
999 _c15745
_d15745